000 00275nam a22001217a 4500
020 _a0-85229-163-9
082 _a030
100 _aGOETHE, J. W. VON
_977530
245 _aFAUST, PARTS ONE AND TWO
250 _aV-47
260 _aCHICAGO
_bWILLIAM BENTON
_c1952
942 _cBK
999 _c582794
_d582794